书目信息 |
| 题名: |
公用企业反垄断法律规制研究
|
|
| 作者: | 姚保松 著 | |
| 分册: | ||
| 出版信息: | 北京 法律出版社 2014 |
|
| 页数: | 431页 | |
| 开本: | 21cm | |
| 丛书名: | 郑州大学崇阳法学文库 | |
| 单 册: | ||
| 中图分类: | D922.294.4 | |
| 科图分类: | ||
| 主题词: | 反垄断法--研究--中国 , 反垄断法 | |
| 电子资源: | ||
| ISBN: | 978-7-5118-6002-6 | |
| 000 | 01230nam0 2200277 450 | |
| 001 | 523 | |
| 005 | 20140908081755.59 | |
| 010 | @a978-7-5118-6002-6@dCNY45.00 | |
| 100 | @a20140626d2014 em y0chiy50 ea | |
| 101 | 0 | @achi |
| 102 | @aCN@b110000 | |
| 105 | @ay z 000yy | |
| 106 | @ar | |
| 200 | 1 | @a公用企业反垄断法律规制研究@AGong Yong Qi Ye Fan Long Duan Fa Lu^ Gui Zhi Yan Jiu@f姚保松著@FYao Bao Song Zhu |
| 210 | @a北京@c法律出版社@d2014 | |
| 215 | @a431页@d21cm | |
| 225 | 2 | @a郑州大学崇阳法学文库 |
| 300 | @a本书为国家社科基金项目《公用企业反垄断法律规制研究》的最终成果 | |
| 330 | @a本书从公用企业放松管制入手,以现有的经营模式为基础,重点论述了反垄断法对公用企业的适用、反垄断法与行业监管间的关系,以及对消费者的保护等问题,并在此基础上针对我国实际情况提出了完善性的建议。通过探讨反垄断法一般规定和公用企业行业特点之间的互动关系,本书揭示了市场竞争与行业发展、社会利益和个体利益间的衡平规律,并藉此认识公用企业行业运行的真实面貌,发掘反垄断制度发展的实际样态。 | |
| 461 | 0 | @12001 @a郑州大学崇阳法学文库 |
| 606 | 0 | @a反垄断法@x研究@y中国 |
| 606 | 0 | @a反垄断法 |
| 690 | @aD922.294.4@v5 | |
| 701 | 0 | @a姚保松@AYao Bao Song@4著 |
| 801 | 0 | @aCN@bTANGWEI@c20140603 |
| 905 | @b0840320-22@dD922.294.4@e1129@f3 | |
| 公用企业反垄断法律规制研究/姚保松著.-北京:法律出版社,2014 |
| 431页;21cm.-(郑州大学崇阳法学文库) |
| 本书为国家社科基金项目《公用企业反垄断法律规制研究》的最终成果 |
| ISBN 978-7-5118-6002-6:CNY45.00 |
| 本书从公用企业放松管制入手,以现有的经营模式为基础,重点论述了反垄断法对公用企业的适用、反垄断法与行业监管间的关系,以及对消费者的保护等问题,并在此基础上针对我国实际情况提出了完善性的建议。通过探讨反垄断法一般规定和公用企业行业特点之间的互动关系,本书揭示了市场竞争与行业发展、社会利益和个体利益间的衡平规律,并藉此认识公用企业行业运行的真实面貌,发掘反垄断制度发展的实际样态。 |
| ● |
| 相关链接 |
|
|
|
|
正题名:公用企业反垄断法律规制研究
索取号:D922.294.4/1129
 
预约/预借
| 序号 | 登录号 | 条形码 | 馆藏地/架位号 | 状态 | 备注 |
| 1 | 0840320 | 208403208 | 第一样本阅览室/ [索取号:D922.294.4/1129] | 在馆 | |
| 2 | 0840321 | 208403217 | 第一借阅区/ [索取号:D922.294.4/1129] | 在馆 | |
| 3 | 0840322 | 208403226 | 密集书库-史法系/ [索取号:D922.294.4/1129] | 在馆 |